| 000 | 00458nam a2200193Ia 4500 | ||
|---|---|---|---|
| 005 | 20240823015241.0 | ||
| 008 | 240823s9999||||xx |||||||||||||| ||und|| | ||
| 041 | _aENGLISH | ||
| 082 | _A621.397 N0 | ||
| 100 | _a"Zbar,Paul B" | ||
| 245 | 0 | _aBasic Television Theory and Services | |
| 250 | _a3rd | ||
| 260 |
_c1990 _b"TMH,Delhi" |
||
| 500 | _aYES | ||
| 650 |
_aTelevision _bElectronics |
||
| 700 | _a" Orne,Peter W" | ||
| 942 | _cBK | ||
| 999 |
_c171982 _d171982 |
||